| 000 | 01171nam0a22002651 4500 | ||
|---|---|---|---|
| 001 | rc\493616 | ||
| 005 | 20030616171555.6 | ||
| 035 | _a(NLR Aleph) 005735324 | ||
| 090 |
_a7621597 _c7621597 |
||
| 100 | _a20030616d1988 u |0rusy50 ca | ||
| 101 | 0 | _arus | |
| 102 | _aRU | ||
| 105 | _ay ||||||||| | ||
| 200 | 1 |
_aМЕХАНИЗМ отраслевого управления экономической союзной республики: концепция формирования и развития _e[Метод. рекомендации] _fРДЭНТП _g[Подгот. д. ю. н. В.Н. Селивановым, к. э. н. Л.А. Танцюрой] |
|
| 210 |
_aКиев _cО-во "Знание" УССР _cРДЭНТП _d1988 |
||
| 215 |
_a[1], 16 с. _d20 |
||
| 225 | 1 | _aВ помощь лектору и специалисту | |
| 320 | _aБиблиогр.: с. 15-16 | ||
| 702 | 1 |
_aСеливанов _bВ. Н. _gВладимир Николаевич _4570 |
|
| 712 | 0 | 2 |
_a"Знание", общество УССР _cКиев _3RU\NLR\AUTH\889960976 |
| 801 | 0 |
_aRU _bNLR _gpsbo |
|
| 801 | 1 |
_aRU _bELAR _2rusmarc |
|
| 852 |
_aNLR _j89-4/10375 |
||
| 942 | _cBOOK | ||
| 980 | _aNB | ||